| 000 | 00607cab a2200217 4500 | ||
|---|---|---|---|
| 001 | WB3327-15 | ||
| 008 | 090401t1997 xxu||||| |||| 00| 0 eng d | ||
| 035 | _a(Sirsi) u79539 | ||
| 041 | _aeng | ||
| 245 | _aMoD property on market | ||
| 260 | _c1997 | ||
| 350 | _a0 | ||
| 490 |
_aTimes _v9 July 1997, 37(1) |
||
| 520 | _aReview of the type of property the MoD are putting on the market and the programme for disposal. | ||
| 650 | _aDEFENCE PROPERTY | ||
| 650 | _aMINISTRY OF DEFENCE | ||
| 650 | _aSURPLUS PROPERTY | ||
| 690 | _aPROPERTY-PROPERTY DEVELOPMENT | ||
| 942 | _n0 | ||
| 948 | _c10/07/1997 | ||
| 999 |
_c50009 _d50009 |
||